Normal view
MARC view
- PUBLIC RELATIONS.BUSINESS COMMUNICATION.COMMUNICATION IN MARKETING
Entry Topical Term
001 - CONTROL NUMBER
- control field: 65724
003 - CONTROL NUMBER IDENTIFIER
- control field: NUST
005 - DATE AND TIME OF LATEST TRANSACTION
- control field: 20210628203500.0
008 - FIXED-LENGTH DATA ELEMENTS
- fixed length control field: 210628|| aca||aabn | a|a d
040 ## - CATALOGING SOURCE
- Original cataloging agency: NUST
- Transcribing agency: NUST
150 ## - HEADING--TOPICAL TERM
- Topical term or geographic name entry element: PUBLIC RELATIONS.BUSINESS COMMUNICATION.COMMUNICATION IN MARKETING
670 ## - SOURCE DATA FOUND
- Source citation: Work cat.: (NUST): Weiner , Mark 65723, Unleashing the power of pr, a contrarian's guide to marketing and communication, 2006
